00573nam a2200205 i 4500001001100000003000500011005001700016008004100033020001500074040002500089082001700114100002700131245003900158264005000197300002300247336002100270337002500291338002300316650002800339C2-0199555PPAK20180728100219.0990125s1996 my |||| ||||| | eng d a9837202750 aPPAKbengcPPAKerda04a658.4022 231 aKeenan, Kate, eauthor14aThe management guide to delegating 1aKuala Lumpur : bGolden Books Centre , c1996 a62 pages ; c18 cm 2rdacontentatext 2rdamediaaunmediated 2rdacarrieravolume10aDelegation of authority